000 00817nam a2200253Ia 4500
003 OSt
005 20220923211036.0
006 a|||||r|||| 00| 0
007 ta
008 220922b |||||||| |||| 00| 0 hin d
020 _a8171950892 (hbk)
024 _a235,942
037 _cTextual
040 _aARTS
_cARTS
_bhin
041 _2hin
_ahin
082 _aQ31:21116, 152P3
100 _aतुलसी; महाप्रज्ञ, संपा.
_9157484
245 0 _aनायाधम्मकहाओ
246 _aNāyādhammakahāo
260 _aलाडनूं
_b जैन विश्व भारती
_c2003
300 _a452पृ.
_ccm.
942 _hQ31:21116, 152P3
_cTEXL
_2CC
999 _c294381
_d294381